000 00417nam a22001817a 4500
003 CEME
005 20210628203108.0
008 210120b xxu||||| |||| 00| 0 eng d
020 _a978698464255
040 _c.
082 _a297.7 NAZ
100 _aNazar,Muhmmad Sail Sofe
_963286
245 _aAksa momeen
260 _aLAHORE
_bACM PRESS
_c2002
300 _a263
650 _aFAIZA
_961097
942 _cBK
_2ddc
999 _c572155
_d572155